Cuentos de invierno
محفوظ في:
| المؤلف الرئيسي: | |
|---|---|
| التنسيق: | كتاب |
| اللغة: | الإسبانية |
| منشور في: |
Madrid
Alfaguara
1986
|
| الطبعة: | 4a. ed |
| سلاسل: | Literatura Alfaguara
|
| الموضوعات: | |
| الوسوم: |
إضافة وسم
لا توجد وسوم, كن أول من يضع وسما على هذه التسجيلة!
|
MARC
| LEADER | 00000nam a2200000 a 4500 | ||
|---|---|---|---|
| 001 | UCZ7007 | ||
| 003 | CL-VaPUC | ||
| 008 | 951222e19860000SP |||||||||||||||||spa|d | ||
| 082 | 0 | 4 | |a 839.813 |b DIN |2 21 |
| 100 | 0 | |a Dinesen, Isak |e author |9 351684 | |
| 245 | 1 | 0 | |a Cuentos de invierno |
| 250 | |a 4a. ed | ||
| 300 | |a 333 p | ||
| 942 | |c BK | ||
| 945 | |d 19951222 00:00:00 |a rleighto | ||
| 260 | |a Madrid |b Alfaguara |c 1986 | ||
| 650 | 7 | |a CUENTOS DANESES |2 CL-VaPUC |9 308912 | |
| 583 | |a last modification |c 19951222 00:00:00 |k Rodrigo Vera | ||
| 490 | 0 | |a Literatura Alfaguara | |
| 999 | |c 243140 |d 243138 | ||
| 952 | |0 0 |1 0 |4 0 |6 839_813000000000000_DIN_1986 |7 0 |8 A |9 256582 |a BIBEDU |b BIBEDU |d 2019-11-19 |i 3163822 |o 839.813 DIN 1986 |p 3163822 |r 2019-11-19 |w 2019-11-19 |y BK |k EDU | ||